| 000 | 00694cam a22002053a 4500 | ||
|---|---|---|---|
| 001 | 43562 | ||
| 003 | PGUSA | ||
| 005 | 20140828084006.0 | ||
| 008 | 130826s2013||||xxu|||||s|||||000 | eng d | ||
| 040 |
_aPGUSA _beng |
||
| 042 | _adc | ||
| 100 | 1 |
_aBarlow, A. R. _q(Albert Rowe) |
|
| 245 | 1 | 0 |
_aCompany G : _bA Record of the Services of One Company of the 157th N. Y. Vols. in the War of the Rebellion from Sept. 19, 1862, to July 10, 1865 _h[electronic resource] / _cA. R. Barlow |
| 260 |
_bProject Gutenberg, _c2013 |
||
| 506 | _aPublic domain in the USA. | ||
| 516 | _aElectronic text | ||
| 830 | 0 |
_aProject Gutenberg _v43562 |
|
| 856 | 4 | 0 | _uhttp://www.gutenberg.org/ebooks/43562 |
| 942 | _cEB | ||
| 999 |
_c272813 _d272813 |
||